000 00283nam a22001337a 4500
008 170622b xxu||||| |||| 00| 0 eng d
020 _a9781860646515
041 _aeng
080 _a94
100 _a16
101 _aSHH
245 _aALLAH'S MOUNTAINS
_cSMITH.S
942 _2udc
_cBK
999 _c18767
_d18767